The Outlines of Christian Doctrine: Volume II (Record no. 20917)

MARC details
000 -LEADER
fixed length control field 00301nam a22001217a 4500
082 ## - DEWEY DECIMAL CLASSIFICATION NUMBER
Classification number 230 WAR
100 ## - MAIN ENTRY--AUTHOR NAME
Author name Ward, Marcus A.
245 ## - TITLE STATEMENT
Title The Outlines of Christian Doctrine: Volume II
260 ## - PUBLICATION, DISTRIBUTION, ETC. (IMPRINT)
Place of publication Chennai
Name of publisher The Christian Literature Society
Year of publication 1955
300 ## - PHYSICAL DESCRIPTION
Number of Pages 238
650 ## - SUBJECT ADDED ENTRY--TOPICAL TERM
Topical Term Theology
942 ## - ADDED ENTRY ELEMENTS (KOHA)
Koha item type Books
Holdings
Home library Current library Shelving location Date acquired Full call number Accession Number Koha item type
Henry Martyn Institute Library Henry Martyn Institute Library General stacks 04/16/2018 230 WAR 01446 E-Books
                   Copyright © 2026 | Henry Martyn Institute | Hyderabad | TS-500052 | INDIA | Implemented by hmi.edu.in
Hit-Count:

Powered by Koha